00664nam a2200169 a 450000100100000000500170001000800410002704000250006810000410009324500470013426000400018130000210022149000300024283000360027295201690030899900170047700004021620240502103719.0130819s1969 sp 000 0 spa d aDO-SdBNPbspacBNPHU1 aDeutscher, Isaac, d1907-196796125213aLa década de jrushov /cIsaac Deutscher. aMadrid :bAlianza Editorial,c1969. a197 p. ;c19 cm.1 aEl libro de bolsillov329 0aEl libro de bolsillov32994072 001050718MOaPDbPDcCTd2013-08-19iLF1l0o p40216-10r2020-06-25w2020-06-25y1zPerteneció a la biblioteca personal de Germán Emilio OrnesZNo se presta c39706d39706